Agricultural marketing in a colonial setting: an introduction (Record no. 477081)

000 -LEADER
fixed length control field 00475cam a22001457a 4500
008 - FIXED-LENGTH DATA ELEMENTS--GENERAL INFORMATION
fixed length control field 180718b1982 xxu||||| |||| 00| 0 eng d
082 ## - DEWEY DECIMAL CLASSIFICATION NUMBER
Classification number Z46x54 M896a
100 ## - MAIN ENTRY--PERSONAL NAME
Personal name Mukherji, Saugata
245 ## - TITLE STATEMENT
Title Agricultural marketing in a colonial setting: an introduction
Statement of responsibility, etc. by Saugata Mukherji
260 ## - PUBLICATION, DISTRIBUTION, ETC.
Place of publication, distribution, etc. Calcutta
Name of publisher, distributor, etc. Centre for Studies in Social Sciences
Date of publication, distribution, etc. 1982
300 ## - PHYSICAL DESCRIPTION
Extent 21p.
440 ## - SERIES STATEMENT/ADDED ENTRY--TITLE
Title Occasional Paper, 53
650 ## - SUBJECT ADDED ENTRY--TOPICAL TERM
Topical term or geographic name entry element Jute - India
650 ## - SUBJECT ADDED ENTRY--TOPICAL TERM
Topical term or geographic name entry element Agricultural Marketing - India
Holdings
Withdrawn status Lost status Damaged status Not for loan Permanent Location Current Location Date acquired Full call number Barcode Date last seen Price effective from Koha item type
        Indian Institute of Public Administration Indian Institute of Public Administration 2018-08-04 Z46x54 M896a GR11451 2018-08-04 2018-08-04 GR

Powered by Koha